000 00442nam a2200157Ia 4500
003 OSt
005 20220107122718.0
008 130620s9999 xx 000 0 und d
040 _cIIITM-K
100 _aSnehlata
_91029
245 _aGIS based radio wave propagation modeling and LOS analysis
650 _aGEOGRAPHICAL INFORMATION SYSTEMS
_91030
650 _aGIS
_91031
650 _aRADIO MODELONG PROPAGATION SYSTEM
_91032
942 _2ddc
_cPR
999 _c3107
_d3107